• 首页
  • 本馆介绍
  • 公告通知
  • 最新文献
  • 馆藏检索
  • 电子资源
  • 读者导购
  • 参考咨询
  • 我的图书馆
  • 登录
  • 详细信息显示
  • 放入我的书架
  • 预约/预借图书
  • 作者相关作品
  • 分类相关作品
  • 丛书相关作品
  • 出版社相关作品

书目信息

  • 表格格式
  • 工作单格式
  • 卡片格式
题名:
数字地形测量实验实习教程
    
 
作者: 余正昊 , 范玉红 主编
分册:  
出版信息: 北京   人民交通出版社股份有限公司  2019.3
页数: 135页
开本: 26cm
丛书名:
单 册:
中图分类: P217
科图分类:
主题词: 数字技术--应用--地形测量学--高等教育--教材
电子资源:
ISBN: 978-7-114-15138-5
000 01136nam0 2200277 45
001 012001001687
005 20140904155606.0
010    @a978-7-114-15138-5@dCNY28.00
100    @a20191118d2019 em y0chiy50 ea
101 0  @achi
102    @aCN@b110000
105    @aa z 000yy
106    @ar
200 1  @a数字地形测量实验实习教程@Ashu zi di xing ce liang shi yan shi xi jiao cheng@b专著@dExperiment and practice of digital topographic survey@f余正昊,范玉红主编@zeng
210    @a北京@c人民交通出版社股份有限公司@d2019.3
215    @a135页@c图@d26cm
300    @a普通高等教育应用型本科创新教材
300    @a并列题名:Experiment and practice of digital topographic survey
330    @a本书针对数字地形测量教学过程中必需的实验和实习教学环节,设计了17个典型实验,并论述了实验及数字地形测量实习环节所涉及的理论方法和步骤。
510 1  @aExperiment and practice of digital topographic survey@zeng
606 0  @a数字技术@x应用@x地形测量学@x高等教育@j教材
690    @aP217@v5
701  0 @a余正昊@Ayu zheng hao@4主编
701  0 @a范玉红@Afan yu hong@4主编
801  0 @aCN@bBJSDL@c20211011
905    @b1336822-5@dP217@e362@f4
    
    数字地形测量实验实习教程=Experiment and practice of digital topographic survey/余正昊,范玉红主编.-北京:人民交通出版社股份有限公司,2019.3
    135页:图;26cm
    普通高等教育应用型本科创新教材.-并列题名:Experiment and practice of digital topographic survey
    
    ISBN 978-7-114-15138-5:CNY28.00
    本书针对数字地形测量教学过程中必需的实验和实习教学环节,设计了17个典型实验,并论述了实验及数字地形测量实习环节所涉及的理论方法和步骤。
●
相关链接 在E读中查询图书 在五车中查询图书 在当当中查询图书 在豆瓣中查询图书


正题名:数字地形测量实验实习教程     索取号:P217/362         预约/预借

序号 登录号 条形码 馆藏地/架位号 状态 备注
1 1336822   213368229   第二样本阅览室/ [索取号:P217/362] 在馆    
2 1336823   213368238   第三借阅区/ [索取号:P217/362] 在馆    
3 1336824   213368247   第三借阅区/ [索取号:P217/362] 在馆    
4 1336825   213368256   第三借阅区/ [索取号:P217/362] 在馆    
唐山师范学院图书馆 欢迎您!
大连网信软件有限公司© 版权所有